000 00680nam a2200229Ia 4500
005 20250508165506.0
008 008 250505s9999 xx 000 0 eng d
020 _a978-0-19-992656-4
037 _aReference
040 _aFEDL
_beng
_cFEDL
041 _aeng
_2eng
084 _a155.25, MCL/RR
_qFEDL
100 _aMcLean Kate C Ed.
_9569843
245 0 _aOxford handbook of identity development
260 _aNew Delhi, India
_bOxford University Press
_c2015
300 _axxii, 590p.
365 _aINR
_b550
490 _aOxford Library of Psychology
700 _a Syed Moin Ed.
_9781005
942 _cREF
_h155.25, MCL/RR
999 _c1395420
_d1395420